The Numerical Simulation of Fluid Flow (Record no. 12113)
[ view plain ]
| 000 -LEADER | |
|---|---|
| fixed length control field | 01257nam a2200133Ia 4500 |
| 008 - FIXED-LENGTH DATA ELEMENTS--GENERAL INFORMATION | |
| fixed length control field | 220615s9999||||xx |||||||||||||| ||und|| |
| 020 ## - INTERNATIONAL STANDARD BOOK NUMBER | |
| International Standard Book Number | 9783040000000 |
| 245 #4 - TITLE STATEMENT | |
| Title | The Numerical Simulation of Fluid Flow |
| 546 ## - LANGUAGE NOTE | |
| Language note | English[eng] |
| 650 ## - SUBJECT ADDED ENTRY--TOPICAL TERM | |
| Topical term or geographic name entry element | cave formation||P-waves||S-waves||Stoneley wave||scattered wave||bluff body||roughness model||Venturi effect||suppression hybrid control||Lagrangian description||Formula 1||Computational Fluid Dynamics (CFD)||external aerodynamics||OpenFoam||snappyHexMesh||incompressible flow||Federation Internationale de l’Automobile (FIA)||downforce||drag||vortex||wake||bluff body aerodynamics||boundary layer separation||vortex shedding||Lagrangian vortex method||vertical axis wind turbine (VAWT)||two-dimensional wake simulation||finite vortex method||vortex particle method||three-dimensional effect correction model of the wake||local radial point interpolation cumulant LBM||aeroacoustics||dispersion||dissipation||wind turbine||immersed boundary method||quasi multi-moment method||incompressible Navier–Stokes equation||dispersion-relation-preserving||flow–structure interaction |
| 700 ## - ADDED ENTRY--PERSONAL NAME | |
| Personal name | Castilla, Robert||Vernet, Anton |
| 856 ## - ELECTRONIC LOCATION AND ACCESS | |
| Uniform Resource Identifier | <a href="https://mdpi.com/books/pdfview/book/5015">https://mdpi.com/books/pdfview/book/5015</a> |
| 942 ## - ADDED ENTRY ELEMENTS (KOHA) | |
| Koha item type | E-Books |
| Withdrawn status | Lost status | Damaged status | Not for loan | Home library | Current library | Date acquired | Total Checkouts | Date last seen | Price effective from | Koha item type |
|---|---|---|---|---|---|---|---|---|---|---|
| Kerala University of Digital Sciences, Innovation and Technology Knowledge Centre | Kerala University of Digital Sciences, Innovation and Technology Knowledge Centre | 15/06/2022 | 15/06/2022 | 15/06/2022 | E-Books |